00787nab a2200253uuc4500001000800000005001700008008004100025035001200066035002100078040001300099041000800112100003600120245009500156260001000251650002300261650002300284650003100307650003100338650001900369650002700388773008900415942001000504999001900514118142420240202093657.0091127s1981 fre  a1181424 a(OCoLC)820518151 ccomduadb afre10aOyharcabal, B4auteaut957406413aLa perte de l'ergatif chez des enfants non bascophones de 1ere langue scolarises en banque c1981. aErgativite9185059 aErgatividad978203 aEnfants et langage9184503 aNiños - Lenguaje9163530 aEuskera977928 aBasque language9895100 tLangage et Societe (Francia)gNo. 18, Dec. 1981, p. 19-49w898016x0181-40950326425 cARIMP c534480d534480